000
00338nam a22001457a 4500
008
210428b ||||| |||| 00| 0 eng d
020
_a
9780826122469
041
_a
eng
080
_a
316
082
_a
316
100
_a
50
101
_a
SOC
245
_a
Multicultural Measurement in Older Populations
_c
Skinner,J.H
942
_2
udc
_c
BK
999
_c
56892
_d
56892